000 00289nam a2200109Ia 4500
008 200302s9999 xx 000 0 und d
100 _aJohn winter
245 _aGreat Buildings of The World Modern Buildings
260 _bPaul Hamlyn Publishing Group Ltd.
260 _c1969
300 _a189 P.,
999 _c131
_d131